• 首页
  • 本馆介绍
  • 公告通知
  • 最新文献
  • 馆藏检索
  • 电子资源
  • 读者导购
  • 参考咨询
  • 我的图书馆
  • 登录
  • 详细信息显示
  • 放入我的书架
  • 预约/预借图书
  • 作者相关作品
  • 分类相关作品
  • 丛书相关作品
  • 出版社相关作品

书目信息

  • 表格格式
  • 工作单格式
  • 卡片格式
题名:
中华二十四节气知识全集
    
 
作者: 李金水 主编
分册:  
出版信息: 北京   当代世界出版社  2009.07
页数: 12,348页
开本: 24cm
丛书名:
单 册:
中图分类: S162
科图分类:
主题词: 二十四节气--基本知识 , 二十四节气
电子资源:
ISBN: 978-7-5090-0437-1
000 00800nam0 2200241 450
001 012004374983
005 20130609084224.79
010    @a978-7-5090-0437-1@dCNY39.00@z7-5090-0437-3
100    @a20090928d2009 em y0chiy0110 ea
101 0  @achi
102    @aCN@b110000
105    @aak z 000yy
106    @ar
200 1  @a中华二十四节气知识全集@9zhong hua er shi si jie qi zhi shi quan ji@f李金水主编
210    @a北京@c当代世界出版社@d2009.07
215    @a12,348页@c图@d24cm
330    @a本书从二十四节气的由来、有关农事气象、生活提示、民间禁忌、养生保健、营养药膳、习俗大观等方面对二十四节气进行了分析介绍和解说评述。
606 0  @a二十四节气@x基本知识
606 0  @a二十四节气
690    @aS162@v4
701  0 @a李金水@9li jin shui@4主编
801  0 @aCN@bNLC@c20090928
905    @dS162@e77
    
    中华二十四节气知识全集/李金水主编.-北京:当代世界出版社,2009.07
    12,348页:图;24cm
    
    
    ISBN 978-7-5090-0437-1:CNY39.00
    本书从二十四节气的由来、有关农事气象、生活提示、民间禁忌、养生保健、营养药膳、习俗大观等方面对二十四节气进行了分析介绍和解说评述。
●
相关链接 在E读中查询图书 在五车中查询图书 在当当中查询图书 在豆瓣中查询图书


正题名:中华二十四节气知识全集     索取号:S162/77         预约/预借

序号 登录号 条形码 馆藏地/架位号 状态 备注
1 0545724   205457245   第二样本阅览室/ [索取号:S162/77] 在馆    
2 0545725   205457254   第三借阅区/ [索取号:S162/77] 在馆    
3 0545726   205457263   第三借阅区/ [索取号:S162/77] 在馆    
4 0545727   205457272   第三借阅区/ [索取号:S162/77] 在馆    
5 0545728   205457281   第三借阅区/ [索取号:S162/77] 在馆    
唐山师范学院图书馆 欢迎您!
大连网信软件有限公司© 版权所有